000 01926nam a2200397 i 4500
001 196270
003 ES-MaACL
005 20250720091911.0
008 240823s2020 sp | |||| 000 p spa
015 _aMON22
017 _aM 7059-2020
_bOficina Depósito Legal Madrid
020 _a9788412165326
035 _a(SpMaBN)a7075275
035 _a991041465289708606
040 _aSpMaBN
_bspa
_cSpMaBN
_erda
_dES-MaACL
080 _a821.134.2-14"19"
100 1 _aLucía Megías, José Manuel,
_d1967-
_eaut
_9240291
245 1 0 _aAquí y ahora /
_cJosé Manuel Lucía Megías.
250 _aPrimera edición: 2020
264 1 _aMadrid (España) :
_bHuerga y Fierro Editores,
_c[2020].
264 4 _c©2020
300 _a62 páginas :
_c23 cm.
336 _aTexto
_2rdacontent
337 _asin mediación
_2rdamedia
338 _avolumen
_2rdacarrier
490 1 _aRayo azul poesía ;
_v7
520 _aEs un pluscuamperfecto poeta que nos ofrece en Aquí y ahora una poesía rica en la diversidad y en la diferencia: siempre o especialmente atenta a esas posibilidades expresivas que persigue todo creador en su quehacer literario. Aquí y ahora es poemario editado por el reconocido sello Huerga y Fierro, en la nueva colección Rayo azul, y en él el poeta plantea esa angustia vital del náufrago en el mar de la noche. Con la certeza de que es en las vidas más pobladas donde navegan los silencios con más calado.
655 7 _aPoemas en prosa
_2tgfbne
_9226859
830 _aRayo azul poesía ;
_v7
_9240352
852 _aES-MaACL
_bR.154501
_cDEPOJ
_jN-9324
_hDonación: José Manuel Lucía Megías
_xEncuadernación rústica con solapas
_9205395
903 _aLucía Megías, José Manuel,
_d1967-
_ednr
_9240291
942 _cMONOGRAFIA
_n0
999 _c196270
_d196270